<?xml version="1.0" encoding="UTF-8"?>
<record
    xmlns:xsi="http://www.w3.org/2001/XMLSchema-instance"
    xsi:schemaLocation="http://www.loc.gov/MARC21/slim http://www.loc.gov/standards/marcxml/schema/MARC21slim.xsd"
    xmlns="http://www.loc.gov/MARC21/slim">

  <leader>00435nam a2200121   4500</leader>
  <controlfield tag="008">708 SA243a</controlfield>
  <datafield tag="082" ind1=" " ind2=" ">
    <subfield code="a">708</subfield>
    <subfield code="b">SA243a</subfield>
  </datafield>
  <datafield tag="100" ind1=" " ind2=" ">
    <subfield code="a">Saraceno, Tom&#xE1;s</subfield>
    <subfield code="9">6919</subfield>
  </datafield>
  <datafield tag="245" ind1=" " ind2=" ">
    <subfield code="a">Arachnid Orchestra. Jam Sessions </subfield>
  </datafield>
  <datafield tag="260" ind1=" " ind2=" ">
    <subfield code="a">Singapur</subfield>
    <subfield code="b">NTU Center for Contemporary Art Singapore </subfield>
    <subfield code="c">2015</subfield>
  </datafield>
  <datafield tag="300" ind1=" " ind2=" ">
    <subfield code="a">28 p.</subfield>
    <subfield code="b"> ill (col)</subfield>
    <subfield code="c">21 x 14,5 cm </subfield>
  </datafield>
  <datafield tag="650" ind1=" " ind2=" ">
    <subfield code="x">arte contempor&#xE1;neo </subfield>
    <subfield code="x">arte - exhibiciones </subfield>
    <subfield code="x">arte - instalaci&#xF3;n </subfield>
    <subfield code="x">arte - performance</subfield>
    <subfield code="x">Argentina</subfield>
    <subfield code="9">6920</subfield>
  </datafield>
  <datafield tag="999" ind1=" " ind2=" ">
    <subfield code="c">1731</subfield>
    <subfield code="d">1731</subfield>
  </datafield>
  <datafield tag="952" ind1=" " ind2=" ">
    <subfield code="0">0</subfield>
    <subfield code="1">0</subfield>
    <subfield code="2">ddc</subfield>
    <subfield code="4">0</subfield>
    <subfield code="7">0</subfield>
    <subfield code="a">LV</subfield>
    <subfield code="b">LV</subfield>
    <subfield code="c">Eventos y Bienales</subfield>
    <subfield code="d">2019-02-21</subfield>
    <subfield code="l">0</subfield>
    <subfield code="o">708 SA243a</subfield>
    <subfield code="p">004738</subfield>
    <subfield code="r">2019-02-21 00:00:00</subfield>
    <subfield code="w">2019-02-21</subfield>
    <subfield code="y">01</subfield>
  </datafield>
</record>
